Normal view
MARC view
- FENN DARIEN
Entry Personal Name
001 - CONTROL NUMBER
- control field: 79612
003 - CONTROL NUMBER IDENTIFIER
- control field: NUST
005 - DATE AND TIME OF LATEST TRANSACTION
- control field: 20210628210508.0
008 - FIXED-LENGTH DATA ELEMENTS
- fixed length control field: 210628|| aca||aabn | a|a d
040 ## - CATALOGING SOURCE
- Original cataloging agency: NUST
- Transcribing agency: NUST
100 ## - HEADING--PERSONAL NAME
- Personal name: FENN DARIEN
670 ## - SOURCE DATA FOUND
- Source citation: Work cat.: (NUST): FENN DARIEN, 1-2-3 COMMAND LANGUAGE, 1987
